Handbuch der analhtischen chemie fûr chemister, gratsârzte, apotheker, defonomen und bergwrks kundige / von Dr. C. H. Pfaff, ord. ôssentl professor der chemie und medicin an der Universitât zu kiel, ritter vom Dauebrog, mehrerer gelehrten gesellschaften mitglied

Detalles Bibliográficos
Autor principal: Pfaff, Cristoph Heinrich, 1773-1852
Formato: Libro
Lenguaje:German
Publicado: Altona : dei F. F. Hammrich, 1821-
Materias:
Colección:Banco de datos
Acervo:Universidad Autónoma Benito Juárez de Oaxaca. Biblioteca Francisco de Burgoa. Colección antigua
Descripción Física:t. ; 8°
Tema general:Química
Notas:Portada tipográfica con plecas en grabado xilográfico. Texto a renglón seguido con paginación en números arábigos y romanos, notas a pie de página y signaturas. Cada tomo con portada y numeración propias. Año del t. 1 publicado en 1821; t. 2 1822. Paginación: t. 1 XXIV, 464 p.; t. 2 XXII p., [1] h., 696 p., [5] h. pleg. Encuadernación en cartón (13333, 13334). Ex libris manuscrito en la portada: "Aug. Endner" (13333, 13334)
LEADER 01596nam a22001810004500
035 |a 5356 
041 0 |a ger 
100 1 |a Pfaff, Cristoph Heinrich, 1773-1852 
245 1 0 |a Handbuch der analhtischen chemie fûr chemister, gratsârzte, apotheker, defonomen und bergwrks kundige / von Dr. C. H. Pfaff, ord. ôssentl professor der chemie und medicin an der Universitât zu kiel, ritter vom Dauebrog, mehrerer gelehrten gesellschaften mitglied 
260 |a Altona : dei F. F. Hammrich, 1821- 
300 |a  t. ; 8° 
500 |a Portada tipográfica con plecas en grabado xilográfico. Texto a renglón seguido con paginación en números arábigos y romanos, notas a pie de página y signaturas. Cada tomo con portada y numeración propias. Año del t. 1 publicado en 1821; t. 2 1822. Paginación: t. 1 XXIV, 464 p.; t. 2 XXII p., [1] h., 696 p., [5] h. pleg. Encuadernación en cartón (13333, 13334). Ex libris manuscrito en la portada: "Aug. Endner" (13333, 13334) 
505 0 0 |a t. 1 Propâdevtischer theil oder lehre von den reagentien. Erster haupttheil. Analytische chemie der onorganischen kôrper.-- t. 2 Enthaltend die fortsekung des ersten haupttheils der analytichen chemie der anorganischen kôrper und den zweiten haupttheil die analytische chemie der organischen kôrper 
650 1 0 |a Química 
852 |a Universidad Autónoma "Benito Juárez" de Oaxaca, Biblioteca Francisco de Burgoa, Colección antigua t. 1 (13333); t. 2 (13334) 
942 |c BURANT 
943 |g Universidad Autónoma Benito Juárez de Oaxaca. Biblioteca Francisco de Burgoa. Colección antigua 
999 |c 1116367  |d 1116367